| 000 | 00403nam a22001577a 4500 | ||
|---|---|---|---|
| 003 | SGT | ||
| 020 | _a9789350354599 | ||
| 082 | _a343.540954,DUG | ||
| 100 | _aDUGGAL, PAVAN | ||
| 245 | _aLEGAL FRAMEWORK ON ELECTRONIC COMMERCE AND INTELLECTUAL PROPERTY RIGHTS IN CYBERSPACE | ||
| 250 | _a1ST | ||
| 260 |
_aNEW DELHI _bUNIVERSAL BOOK _c2014 |
||
| 300 | _a268 | ||
| 650 | _aCYBER LAW | ||
| 942 |
_2ddc _cBK _01 |
||
| 999 |
_c9801 _d9801 |
||